កុំមាត់ ( 4 ) / (Record no. 10162)

MARC details
000 -LEADER
fixed length control field 01544nam a22002537a 4500
001 - CONTROL NUMBER
control field 10162
003 - CONTROL NUMBER IDENTIFIER
control field FISKH
005 - DATE AND TIME OF LATEST TRANSACTION
control field 20260430122356.0
008 - FIXED-LENGTH DATA ELEMENTS--GENERAL INFORMATION
fixed length control field 260430b cb ||||| |||| 00| 0 eng d
020 ## - INTERNATIONAL STANDARD BOOK NUMBER
International Standard Book Number 9789924342205
040 ## - CATALOGING SOURCE
Original cataloging agency FISKH
Language of cataloging khr
Transcribing agency FISKH
Modifying agency FISKH
082 ## - DEWEY DECIMAL CLASSIFICATION NUMBER
Classification number 741.5
100 ## - MAIN ENTRY--PERSONAL NAME
Personal name Voriniere , Yoann
245 ## - TITLE STATEMENT
Title កុំមាត់ ( 4 ) /
Statement of responsibility, etc. Yoann, Voriniere
260 ## - PUBLICATION, DISTRIBUTION, ETC.
Place of publication, distribution, etc. Phnom Penh :
Name of publisher, distributor, etc. Sipar ,
Date of publication, distribution, etc. 2025 .
300 ## - PHYSICAL DESCRIPTION
Extent 204 unnumbered pages :
Other physical details illustrations ;
Dimensions 18 cm .
490 ## - SERIES STATEMENT
Series statement Manga
Volume/sequential designation 4
520 ## - SUMMARY, ETC.
Summary, etc. After the long journey , Vuth finally meets his friends . But it's not good reunion . Chan is considered as a monster because of her ability , so does Vuth ..... Chan can't sleep but what's happened if she sleeps ?
520 ## - SUMMARY, ETC.
Summary, etc. បន្ទាប់ពីដំណើរយូរមក វុធបានជួបមិត្តរបស់គេវិញជាចុងក្រោយ។ ប៉ុន្តែវាមិនមែនជាការជួបជុំដ៏រីករាយទេ។ ចាន់ត្រូវបានចាត់ទុកថាជាសត្វចម្លែក ដោយសារសមត្ថភាពរបស់នាង ហើយវុធក៏ដូចគ្នា។ ចាន់មិនអាចគេងបានទេ ប៉ុន្តែតើអ្វីនឹងកើតឡើង ប្រសិនបើនាងគេង?
650 ## - SUBJECT ADDED ENTRY--TOPICAL TERM
Form subdivision មុាំងហ្កា
650 ## - SUBJECT ADDED ENTRY--TOPICAL TERM
Form subdivision Japanese comics (manga)
942 ## - ADDED ENTRY ELEMENTS (KOHA)
Source of classification or shelving scheme Dewey Decimal Classification
Koha item type Khmer Books
Suppress in OPAC No
Holdings
Withdrawn status Lost status Source of classification or shelving scheme Damaged status Not for loan Collection Home library Current library Shelving location Date acquired Total Checkouts Full call number Barcode Date last seen Price effective from Koha item type
    Dewey Decimal Classification     Khmer Language Books / សៀវភៅភាសាខ្មែរ Footprints International School Library Network Toul Tom Poung Campus Footprints International School Library Network Toul Tom Poung Campus TTP Secondary Khmer Bookshelves 04/30/2026   VOR 741.5 2026-0553 04/30/2026 04/30/2026 Khmer Books